| 000 | 00393nam a2200169Ia 4500 | ||
|---|---|---|---|
| 100 | _aCouch/Leon W | ||
| 650 | _aCommunication systems | ||
| 250 | _a7 | ||
| 942 | _cBK | ||
| 366 | _f20 | ||
| 654 | _aDigital | ||
| 245 | _aDigital and anlaog communication system | ||
| 260 |
_bPrentice -Hall of India _aNew Delhi _c2008 |
||
| 082 |
_a621.382/COU _bCOU |
||
| 300 | _a751 | ||
| 546 | _aENGLISH | ||
| 999 |
_c31316 _d31316 |
||